| 000 | 00329nam a22001337a 4500 | ||
|---|---|---|---|
| 999 |
_c15366 _d15366 |
||
| 020 | _a9788126452323 | ||
| 082 |
_a894.812 3 _bRAM/SU |
||
| 100 |
_aRamakrishnan, T. D _93050 |
||
| 245 | _aSugandhi Enna Aandal Devanayaki | ||
| 260 |
_aKottayam _bD.C Books _c2018 |
||
| 300 | _a295 | ||
| 650 |
_aMalayalam Fiction _93040 |
||
| 942 | _cBK | ||